| 000 | 00925cam a2200313 4500 | ||
|---|---|---|---|
| 008 | 090401t1995 xxu||||| |||| 00| 0 eng d | ||
| 020 | _a0854067256 | ||
| 035 | _a(Sirsi) u63358 | ||
| 041 | _aeng | ||
| 050 | _a333.33094771 | ||
| 090 | _aRICS 1995/98ABCD | ||
| 100 | _aDeakin, Mark | ||
| 245 | 4 | _aThe development of financial services for the property management division of Kiev City, Ukraine. | |
| 260 |
_aLondon _bRICS _c1995 |
||
| 300 | _a44p. ; 30cm. | ||
| 350 | _a7.95 | ||
| 490 | _aRICS Foundation Our Common Estate Series | ||
| 650 | _aASSET VALUATION | ||
| 650 | _aPROPERTY-COMMERCIAL PROPERTY | ||
| 650 | _aFINANCIAL SERVICES | ||
| 650 | _aPRIVATISATION | ||
| 650 |
_aProperty management _96262 |
||
| 650 | _aPROPERTY MARKET | ||
| 650 | _aRUSSIA | ||
| 690 | _aPROPERTY-COMMERCIAL PROPERTY | ||
| 710 |
_aRoyal Institution of Chartered Surveyors _94900 |
||
| 942 | _n0 | ||
| 948 | _c04/03/1997 | ||
| 999 |
_c94538 _d94538 |
||